The Securitisation and Reconstruction of Financial Assets and Enforcement of Security Interest Act, 2002 (as amended by Act of 2004) (No. 54 of 2002) : (Record no. 20186)
[ view plain ]
| 000 -LEADER | |
|---|---|
| fixed length control field | 01363nam a22002417a 4500 |
| 008 - FIXED-LENGTH DATA ELEMENTS--GENERAL INFORMATION | |
| fixed length control field | 081223t xxu||||| |||| 00| 0 eng d |
| 010 ## - LCCN (DPL NO) | |
| LC control number | ENG-92271 |
| 020 ## - INTERNATIONAL STANDARD BOOK NUMBER | |
| Terms of availability | 95.00 |
| 035 ## - SYSTEM CONTROL NUMBER | |
| System control number | EN-75804 |
| 037 ## - SOURCE OF ACQUISITION | |
| Source of stock number/acquisition | DBAD / PUB |
| 040 ## - CATALOGING SOURCE | |
| Original cataloging agency | dpl |
| Language of cataloging | English |
| 082 ## - DEWEY DECIMAL CLASSIFICATION NUMBER | |
| Classification number | 346.540922 |
| 245 ## - TITLE STATEMENT | |
| Title | The Securitisation and Reconstruction of Financial Assets and Enforcement of Security Interest Act, 2002 (as amended by Act of 2004) (No. 54 of 2002) : |
| Remainder of title | with The Security Interest (Enforcement) Rules, 2002 and The Enforcement of Security Interest and Recovery of Debts Laws (amendment) Act, 2004 with highlights of Mardia Chemical case and full text judgement of Mardia Chemicals Ltd. vs. Union of India / |
| Statement of responsibility, etc | edited by A.R. Gupta [and] Ravinder Kumar |
| 260 ## - PUBLICATION, DISTRIBUTION, ETC. (IMPRINT) | |
| Place of publication, distribution, etc | New Delhi |
| Name of publisher, distributor, etc | Archer Publications |
| Date of publication, distribution, etc | 2006-07 |
| 270 ## - ADDRESS | |
| Address | 138, Sector-IV, Pocket B/8, Rohini, |
| City | New Delhi |
| Postal code | 110085 |
| 300 ## - PHYSICAL DESCRIPTION | |
| Extent | 114p. |
| Dimensions | 22cm (pbk) |
| 610 ## - SUBJECT ADDED ENTRY--CORPORATE NAME | |
| Corporate name or jurisdiction name as entry element | India. |
| Title of a work | Securitisation and Reconstruction of Financial Assets and Enforcement of Security Interest Act, 2002. |
| 650 ## - SUBJECT ADDED ENTRY--TOPICAL TERM | |
| Topical term or geographic name as entry element | Security (Law) |
| Geographic subdivision | India |
| 700 ## - ADDED ENTRY--PERSONAL NAME | |
| Personal name | Gupta, A.R |
| 700 ## - ADDED ENTRY--PERSONAL NAME | |
| Personal name | Ravinder Kumar |
| 942 ## - ADDED ENTRY ELEMENTS (KOHA) | |
| Source of classification or shelving scheme | Dewey Decimal Classification |
| Item type | English Books |
| Call number suffix | SEC |
| Classification part | 346.540922 |
| Withdrawn status | Lost status | Source of classification or shelving scheme | Damaged status | Not for loan | Collection code | Home library | Current library | Date acquired | Source of acquisition | Cost, normal purchase price | Total Checkouts | Full call number | Barcode | Date last seen | Copy number | Cost, replacement price | Koha item type |
|---|---|---|---|---|---|---|---|---|---|---|---|---|---|---|---|---|---|
| Dewey Decimal Classification | Not For Loan | Non-fiction | D.B.Act.Division | D.B.Act.Division | 01/01/2009 | DBAD / PUB | 95.00 | 346.540922 SEC | EN-75804 | 23/12/2008 | 1 | 95.00 | English Books |
